La Walkyrie de R. Wagner (Record no. 37498)

MARC details
000 -LEADER
campo de control de longitud fija 00679nam a2200205 i 4500
001 - NÚMERO DE CONTROL
campo de control 37498
003 - IDENTIFICADOR DE NÚMERO DE CONTROL
campo de control ES-MaACL
005 - FECHA Y HORA DE LA ÚLTIMA TRANSACCIÓN
campo de control 20250523142846.0
007 - CAMPO FIJO DE DESCRIPCIÓN FÍSICA--INFORMACIÓN GENERAL
campo de control de longitud fija t|
008 - DATOS DE LONGITUD FIJA--INFORMACIÓN GENERAL
campo de control de longitud fija 030311s1920 fr ||||1| fre d
100 1# - ENTRADA PRINCIPAL--NOMBRE DE PERSONA
Nombre de persona Coeuroy, André.
9 (RLIN) 39465
245 13 - MENCIÓN DEL TÍTULO
Título La Walkyrie de R. Wagner
Resto del título : étude historique et critique, analise musicale /
Mención de responsabilidad, etc. par André Coeuroy.
260 ## - PUBLICACIÓN, DISTRIBUCIÓN, ETC.
Lugar de publicación, distribución, etc. Paris :
Nombre del editor, distribuidor, etc. Paul Mellottée,
Fecha de publicación, distribución, etc. [1920?]
300 ## - DESCRIPCIÓN FÍSICA
Extensión 187 p. ;
Dimensiones 17 cm.
490 1# - MENCIÓN DE SERIE
Mención de serie Les chefs d'oeuvre de la musique
600 17 - PUNTO DE ACCESO ADICIONAL DE MATERIA--NOMBRE DE PERSONA
Nombre de persona Wagner, Richard,
Fechas asociadas al nombre 1813-1883-
Título de la obra Die Walküre
Fuente del encabezamiento o término
9 (RLIN) 163521
830 0# - PUNTO DE ACCESO ADICIONAL DE SERIE-TÍTULO UNIFORME
Título uniforme Les chefs d'oeuvre de la musique
9 (RLIN) 183641
852 ## - LOCALIZACIÓN
Ubicación ES-MaACL
Número de control de estantería G-3562
Holdings
Estatus retirado Estado de pérdida Estado de daño No para préstamo Biblioteca de origen Biblioteca actual Ubicación en estantería Fecha de adquisición Fuente de adquisición Total de préstamos Signatura topográfica completa Código de barras Visto por última vez Precio de reemplazo Tipo de ítem Koha
        Biblioteca del Ateneo de Madrid Biblioteca del Ateneo de Madrid Depósito 2 17/01/2008     G-3562 1039465 23/02/2023 23/02/2023 Libro impreso